header

Programming for the absolute beginner (Record no. 37682)

MARC details
000 -LEADER
fixed length control field 01152nam a2200325Ia 4500
082 04 - DEWEY DECIMAL CLASSIFICATION NUMBER
Classification number 005.1
100 1# - MAIN ENTRY--AUTHOR NAME
Personal name Ford, Jerry Lee.
245 10 - TITLE STATEMENT
Title Programming for the absolute beginner
260 ## - PUBLICATION, DISTRIBUTION, ETC. (IMPRINT)
Place of publication Boston :
Name of publisher Thomson Course Technology,
Year of publication c2007.
300 ## - PHYSICAL DESCRIPTION
Number of Pages xx, 364 p. :
Other physical details ill.
500 ## - GENERAL NOTE
General note Includes index.
650 #0 - SUBJECT ADDED ENTRY--TOPICAL TERM
Topical Term Computer programming.
Topical Term Computers.
856 40 - ELECTRONIC LOCATION AND ACCESS
Uniform Resource Identifier http://site.ebrary.com/lib/rucke/Doc?id=10236964

No items available.

© 2026 Rongo University
Contact us: librarian | system librarian | Rongo university